Pirate Speech Click Quiz - Statistics

General Stats
  • This quiz has been taken 640 times
  • The average score is 9 of 15
Answer Stats
Hint Answer % Correct
Ahoy Hello
99%
Seadog An old sailor
88%
Hearties Friends
86%
Man-o-war Heavily armed pirate ship
74%
Briney Deep The ocean
71%
Coffer A chest of treasure
67%
Keelhaul A punishment where someone was dragged back and forth
60%
Swashbuckler Daredevil
57%
Coxswain Helmsman
57%
Run a rig Play a trick
55%
Duffle Someone’s belongings
53%
Booty Loot
51%
Head Toilet
51%
Orlop Lowest deck of the ship
28%
Scuttlebutt Cask of drinking water
15%
No matching quizzes found
Score Distribution
Percent of People with Each Score
Percentile by Number Answered
Your Score History
You have not taken this quiz